000 00493nam a2200181Ia 4500
001 11752
005 20260306162851.0
008 260306t2019||||xx |||||||||||||| ||spa||
041 _aESP
082 _aHR 150
_bENE-JUL 2019 AP
100 _aUniversidad Femenina del Sagrado Corazón. Facultad de Psicología y Humanidades
_eAUT
245 0 _aAvances en psicología
260 _c2019
300 _a113 páginas :
_c29 cm.
650 _aGEN
654 _aCPS
942 _cREV
_dJUS
_fJUS
_2ddc
_n
999 _c11752
_d11752